000 00267nam a22001217a 4500
008 180130b xxu||||| |||| 00| 0 eng d
041 _aeng
080 _a32
100 _a19
101 _apol
245 _apopulation and development
_cgeoffrey.h
942 _2udc
_cBK
999 _c41229
_d41229